Vizualizácia prúdenia v zmiešavacej komore dvojlátkového effervescent atomizéru

Na minha lista:
Detalhes bibliográficos
Autor principal: Oslejová, Lucia (Author)
Outros Autores: Mlkvik, Marek (Thesis advisor)
Formato: Manuscrito Livro
Idioma:eslovaco
Publicado em: 2025
Assuntos:
Acesso em linha:http://is.stuba.sk/zp/portal_zp.pl?podrobnosti=193950
Tags: Adicionar Tag
Sem tags, seja o primeiro a adicionar uma tag!

MARC

LEADER 00000ntm a22000003a 4500
001 stuzp103766
003 SK-STU
005 20250628210800.3
007 ta
008 150427s2015----xo-----f-mn---000-0-slo-d
040 |a STU  |b slo 
041 0 |a slo 
100 1 |a Oslejová, Lucia  |u 020060  |4 aut  |U SjF Strojnícka fakulta  |T SjF Ústav energetických strojov a zariadení  |X 121694  |U J0060  |Y 805  |7 121694 
242 0 1 |a Visualization of the flow in the mixing chamber of a twin-fluid effervescent atomiser  |y eng 
245 1 0 |a Vizualizácia prúdenia v zmiešavacej komore dvojlátkového effervescent atomizéru 
260 |c 2025 
650 4 |a dvojlátokový atomizér  |2 slo 
650 4 |a atomizácia  |2 slo 
650 4 |a dvojfázové prúdenie  |2 slo 
650 4 |a vizualizácia prúdenia  |2 slo 
650 4 |a režimy prúdenia  |2 slo 
650 4 |a atomization  |2 eng 
650 4 |a twin-fluid atomizer  |2 eng 
650 4 |a two-phase flow  |2 eng 
650 4 |a flow visualization  |2 eng 
650 4 |a flow regimes  |2 eng 
700 1 |a Mlkvik, Marek  |u 020060  |k Z1  |4 ths  |U SjF Strojnícka fakulta  |T SjF Ústav energetických strojov a zariadení  |X 13109  |U J0060  |Y 805  |7 A000013109 
856 4 |u http://is.stuba.sk/zp/portal_zp.pl?podrobnosti=193950